| 000 | 00929cab a2200277 4500 | ||
|---|---|---|---|
| 001 | WB3339-06 | ||
| 008 | 090401t1997 xxu||||| |||| 00| 0 eng d | ||
| 035 | _a(Sirsi) u81358 | ||
| 041 | _aeng | ||
| 245 | _aSuperstore wars | ||
| 260 | _c1997 | ||
| 350 | _a0 | ||
| 490 |
_aEvening Standard Home and Property _v8 October 1997, 2 |
||
| 490 |
_aProperty Week _v61(2) 10 October 1997, 3(3) |
||
| 520 | _aConsiders the conflict between supermarket chains desperate to build stores in London and the South-East and local residents who claim the stores destroy local shops and create pollution. Gives examples in Clapham and Gerrards Cross. | ||
| 650 | _aCLAPHAM | ||
| 650 | _aGERRARDS CROSS | ||
| 650 | _aHIGH STREETS | ||
| 650 | _aPUBLIC OPINION | ||
| 650 | _aRETAILING | ||
| 650 | _aSUPERSTORES | ||
| 650 | _aTESCO | ||
| 690 | _aPROPERTY-COMMERCIAL PROPERTY-RETAIL PROPERTY | ||
| 942 | _n0 | ||
| 948 | _c09/10/1997 | ||
| 999 |
_c51263 _d51263 |
||